| 000 | 00532nam a22001817a 4500 | ||
|---|---|---|---|
| 003 | CEME | ||
| 005 | 20210628203055.0 | ||
| 008 | 210201b xxu||||| |||| 00| 0 eng d | ||
| 020 | _a0872634841 | ||
| 040 | _c. | ||
| 082 | _a658.23 PHI | ||
| 100 |
_aPhillips, Edward.J _963170 |
||
| 245 | _aManufacturing plant layout , fundamentals and fine points of optimum facility design | ||
| 260 |
_aUSA _bSOCIETY OF MANUFACTURING ENGINEERS _c1997 |
||
| 300 | _aIX,259P | ||
| 650 |
_aMANUFACTURING PLANT LAYOUT. _963171 |
||
| 942 |
_cBK _2ddc |
||
| 999 |
_c572077 _d572077 |
||